| Tag |
First Indicator |
Second Indicator |
Subfields |
| LEADER |
00000cam a2200000 i 4500 |
| 001 |
in00004370708 |
| 005 |
20220105160021.0 |
| 006 |
m|||||o||d|||||||| |
| 007 |
cr ||||||||||| |
| 008 |
201002r20201999enk ob 000|f|eng|d |
| 020 |
|
|
|a 9780191921599 (ebook) :
|c No price
|
| 035 |
|
|
|a (StDuBDS)EDZ0002360194
|
| 040 |
|
|
|a StDuBDS
|b eng
|e rda
|e pn
|c StDuBDS
|d UtOrBLW
|
| 050 |
|
0 |
|a PR5202
|b .R7 2020
|
| 082 |
0 |
4 |
|a 823.6
|2 23
|
| 100 |
1 |
|
|a Radcliffe, Ann,
|d 1764-1823,
|e author.
|0 http://id.loc.gov/authorities/names/n79056784
|
| 245 |
1 |
4 |
|a The romance of the forest /
|c Ann Radcliffe ; edited with an introduction and notes by Chloe Chard.
|
| 264 |
|
1 |
|a Oxford :
|b Oxford University Press,
|c 2020.
|
| 300 |
|
|
|a 1 online resource (xxx, 397 pages).
|
| 336 |
|
|
|a text
|b txt
|2 rdacontent
|
| 337 |
|
|
|a computer
|b c
|2 rdamedia
|
| 338 |
|
|
|a online resource
|b cr
|2 rdacarrier
|
| 490 |
1 |
|
|a Oxford world's classics
|
| 500 |
|
|
|a Previously issued in print: 1999.
|
| 504 |
|
|
|a Includes bibliographical references.
|
| 520 |
8 |
|
|a This novel is the epitome of the Gothic novel - a beautiful, orphaned heiress, a dashing hero, a dissolute, aristocratic villain and a ruined abbey deep in a great forest are combined by the author in a tale of suspense where danger lurks behind every secret trap-door.
|
| 588 |
|
|
|a Description based on publisher information.
|
| 655 |
|
7 |
|a Electronic books.
|2 local
|
| 655 |
|
0 |
|a Gothic fiction (Literary genre)
|
| 700 |
1 |
|
|a Chard, Chloe,
|e editor.
|0 http://id.loc.gov/authorities/names/n85214728
|
| 776 |
0 |
8 |
|i Print version :
|z 9780199539222
|
| 830 |
|
0 |
|a Oxford world's classics.
|0 http://id.loc.gov/authorities/names/n84736570
|
| 856 |
4 |
0 |
|u http://proxy.library.tamu.edu/login?url=https://dx.doi.org/10.1093/owc/9780199539222.001.0001
|z Connect to the full text of this electronic book
|t 0
|
| 955 |
|
|
|a Oxford world's classics
|
| 999 |
f |
f |
|s ff0ecb17-e5a1-3cf8-8a32-5bf8619a6a2b
|i a47a4bb9-c90d-3cb5-8b1b-3f3369a1caa3
|t 0
|
| 952 |
f |
f |
|a Texas A&M University
|b College Station
|c Electronic Resources
|d Available Online
|t 0
|e PR5202 .R7 2020
|h Library of Congress classification
|
| 998 |
f |
f |
|a PR5202 .R7 2020
|t 0
|l Available Online
|